Rangliste Fußball-Europameisterschaft - Statistiken

Allgemein
  • Dieses Quiz wurde 239 mal gespielt
  • Das Durchschnittsergebnis liegt bei 15 aus 17
Antwortstatistiken
Gold Silber Braun Land % Korrekt
3 3 3 Deutschland
99%
4 1 1 Spanien
98%
2 1 2 Frankreich
97%
2 2 1 Italien
97%
0 2 2 England
95%
1 1 3 Portugal
95%
1 0 5 Niederlande
92%
0 1 1 Belgien
91%
1 0 2 Dänemark
88%
1 0 0 Griechenland
87%
1 3 1 Russland
86%
1 1 3 Tschechien
86%
0 0 1 Schweden
85%
0 0 1 Türkei
79%
0 0 1 Ungarn
76%
0 2 0 Serbien
71%
0 0 1 Wales
59%
Keine übereinstimmenden Quizze gefunden
Verteilung der Resultate
Anzahl Personen mit jedem Resultat
Perzentil nach korrekt beantworteten Fragen
Ihre Resultats-Entwicklung
Sie haben dieses Quiz noch nicht gespielt